La nueva intolerancia religiosa. Cómo superar la política del miedo en una época de inseguridad.

Shranjeno v:
Bibliografske podrobnosti
Glavni avtor: Nussbaum, Martha Craven (autora)
Drugi avtorji: Santos Mosquera, Albino (traducción)
Format: Knjiga
Jezik:španščina
Izdano: Barcelona, España: Paidós, 2013.
Izdaja:1a. edición.
Serija:Paidós Estado y Sociedad.
Teme:
Oznake: Označite
Brez oznak, prvi označite!

MARC

LEADER 00000cam a2200000 a 4500
001 UCE9969
003 CL-VaPUC
005 20220914170753.0
008 151112e20130000sp |||||||||||||||||spa|d
999 |c 361603  |d 361601 
020 |a 978-84-493-2830-5  
040 |c Pontificia Universidad Católica de Valparaíso 
082 0 4 |a 303.385 NUS 2013   |2 21 
100 |a Nussbaum, Martha Craven  |e autora  |9 518695 
245 1 3 |a La nueva intolerancia religiosa.   |b Cómo superar la política del miedo en una época de inseguridad.  
250 |a 1a. edición.  
260 |a Barcelona, España:   |b Paidós,   |c 2013.  
300 |a 335 páginas.  
490 0 |a Paidós Estado y Sociedad.  
500 |a c.2 Donación Sr. Rector Nelson Vásquez Lara, julio 2022. 
583 |a last modification  |c 20151112 20:22:00  |k Rodrigo Vera 
650 0 |a Intolerancia religiosa  |9 875636  |y Siglo XXI  
650 0 |a Discriminación religiosa  |9 379170  |y Siglo XXI  
650 0 |a Miedo   |9 307306  |x Aspecto social 
700 |a Santos Mosquera, Albino  |e traducción  |9 876667 
942 |c BK  |2 ddc 
945 |d 20151112 20:22:00  |a dcastane 
952 |0 0  |1 0  |3 erb  |4 0  |6 303_385000000000000_NUS_2013  |7 0  |8 A  |9 472203  |a BIBEDU  |b BIBEDU  |i 5249031  |o 303.385 NUS 2013  |p 5249031  |r 2019-11-24  |w 2019-11-24  |y BK  |z Catalogado en:20151112  |k FIL 
952 |0 0  |1 0  |2 ddc  |4 0  |6 303_385000000000000_NUS_2013  |7 0  |8 A  |9 586272  |a BIBHIS  |b BIBHIS  |c GEN  |d 2022-08-17  |e Donación   |i 5654144  |l 1  |m 1  |o 303.385 NUS 2013  |p 5654144  |r 2025-01-20  |s 2022-09-09  |t 2  |w 2022-08-17  |y BK  |k HIS